Loading...

Stubborn structure: Essays on criticism and society /

Bibliografiske detaljer
Hovedforfatter: Frye, Northrop
Format: Printed Book
Sprog:English
Udgivet: Methuen & Co., 1970.
LEADER 00431nam a2200121Ia 4500
008 150624b xxu||||| |||| 00| 0 eng d
082 |a 809 
100 |a Frye, Northrop 
245 |a Stubborn structure:  |b Essays on criticism and society /  |c Northrop Frye 
260 |b Methuen & Co.,  |c 1970. 
942 |c BK 
999 |c 6295  |d 6295 
952 |0 0  |1 0  |4 0  |6 809_000000000000000_FRY_S  |7 0  |9 6294  |a UL  |b UL  |c ST2  |d 1998-09-24  |o 809 FRY/S  |p 10355  |r 2012-10-27  |w 2012-10-27  |y BK